Bibliographical references in ethology, (Record no. 92435)

MARC details
000 -LEADER
fixed length control field 00736cam a22002411 4500
001 - CONTROL NUMBER
control field z 01000192
003 - CONTROL NUMBER IDENTIFIER
control field DLC
005 - DATE AND TIME OF LATEST TRANSACTION
control field 20260227112813.0
008 - FIXED-LENGTH DATA ELEMENTS--GENERAL INFORMATION
fixed length control field 890330s1899 cau b 000 0 eng
010 ## - LIBRARY OF CONGRESS CONTROL NUMBER
LC control number z 01000192
035 ## - SYSTEM CONTROL NUMBER
System control number (OCoLC)19479910
040 ## - CATALOGING SOURCE
Original cataloging agency DLC
Transcribing agency ViW
Modifying agency ViW
-- DLC
042 ## - AUTHENTICATION CODE
Authentication code premarc
050 00 - LIBRARY OF CONGRESS CALL NUMBER
Classification number Z5873
Item number .B15
100 1# - MAIN ENTRY--PERSONAL NAME
Personal name Bailey, Thomas Pearce,
Dates associated with a name 1867-1949.
245 10 - TITLE STATEMENT
Title Bibliographical references in ethology,
Statement of responsibility, etc. by Thomas P. Bailey, Jr. ...
260 ## - PUBLICATION, DISTRIBUTION, ETC.
Place of publication, distribution, etc. Berkeley,
Name of publisher, distributor, etc. The University Press,
Date of publication, distribution, etc. 1899.
300 ## - PHYSICAL DESCRIPTION
Extent 25 p.
Dimensions 23 cm.
490 0# - SERIES STATEMENT
Series statement University of California. Library bulletin
Volume/sequential designation no. 13
500 ## - GENERAL NOTE
General note Page 25 printed on inside of cover.
650 #0 - SUBJECT ADDED ENTRY--TOPICAL TERM
Topical term or geographic name entry element Character.
650 #0 - SUBJECT ADDED ENTRY--TOPICAL TERM
Topical term or geographic name entry element Education
Form subdivision Bibliography.

No items available.

Powered by Koha